000 00789nam a2200205 i 4500
003 CSPC
005 20231123133334.0
007 ta
008 231123s2021 ph a m 000 0beng
090 _aUTH BSOA G129j
100 _aGaite, Annabelle B.
_dauthor.
245 _aJob prospects of graduating Bachelor of Science in Office Administration students of Camarines Sur Polytechnic Colleges, Buhi Campus /
_cAnnabelle B. Gaite.
264 _aBuhi, Camarines Sur :
_bCamarines Sur Polytechnic Colleges,
_c2021.
300 _a71 leaves :
502 _aUndergraduate Theses (BSOA) Office Administration
_cCamarines Sur Polytechnic Colleges
700 _aIbarbia, Vivien T.
_eauthor.
700 _aSan Antonio, Baby Lyca O.
_eauthor.
942 _2ddc
_n0
_cUM
999 _c26598
_d26598